Summer Olympics Events - Statistics

General Stats
  • This quiz has been taken 27 times
  • The average score is 22 of 45
Answer Stats
Answer % Correct
Swimming
95%
Diving
82%
Shooting
82%
Athletics
77%
Tennis
77%
Archery
73%
Basketball
73%
Judo
73%
Table Tennis
73%
Boxing
68%
Equestrian
68%
Football
68%
Taekwondo
68%
Volleyball
68%
Handball
64%
Rowing
64%
Weightlifting
64%
Wrestling
64%
Badminton
59%
Fencing
59%
Sailing
59%
Beach Volleyball
55%
Golf
55%
Water polo
55%
Hockey
50%
Surfing
45%
Skateboarding
41%
Artistic Gymnastics
36%
Rhythmic Gymnastics
36%
Rugby Sevens
36%
Triathlon
36%
Artistic Swimming
32%
Trampoline
32%
Modern Pentathlon
27%
Sport Climbing
27%
Breaking
23%
Basketball 3x3
18%
Canoe Slalom
14%
Canoe Sprint
14%
Marathon Swimming
14%
Cycling BMX Freestyle
9%
Cycling BMX Sprint
9%
Cycling Mountain Bike
9%
Cycling Road
9%
Cycling Track
9%
No matching quizzes found
Score Distribution
Percent of People with Each Score
Percentile by Number Answered
Your Score History
You have not taken this quiz